Devine les surnoms de ces prénoms masculin - Statistiques

Statistiques générales
  • Ce quiz a été pris 2 252 fois
  • Le résultat moyen est 39 sur 58
Statistiques - réponses
Prénoms Surnoms % Correct
Maxime Max
99%
Alexis Alex
98%
Mathieu Mat
97%
Florian Flo
94%
Nicola Nico
94%
Sébastien Seb
94%
Jérémy
93%
Nathan Nat
93%
Valentin Val
93%
Samuel Sam
92%
Benjamin Ben
91%
Raphael Raph
91%
Teddy Ted
91%
Jonathan Jo
89%
Lucas Lulu
88%
Victor Vic
88%
Christophe Chris
86%
Grégoire Greg
86%
Anthony Antho
83%
Gabriel gabi
81%
Julien Ju
81%
Timeo Tim
81%
Jessica Jess
77%
Alexandra Alex
76%
Victoria Vic
76%
Lenny Len
75%
Clemence Clem
74%
Louise Lou
74%
Charlotte Cha
73%
Thomas Tom
72%
William Will
71%
Titouan Titou
70%
Vincent Vince
66%
Gabrielle Gab
65%
Mélanie Mel
65%
Amélia Amé
61%
Kevin Keke
60%
lucie Lulu
59%
Coline Coco
54%
Isabelle Isa
53%
Annabelle Anna
48%
Ophélie Ophé
48%
Maëlys Mae
46%
Sophie Soso
46%
Fanny Fafa
44%
Lola Lolo
44%
Olivia Oliv
43%
Pierre Pierro
43%
Mia Mimi
42%
Gwenaëlle Gwen
38%
Kimberly Kim
38%
Vanessa Vaness
38%
Célia Cece
37%
Livia Liv
36%
Lisa Lili
35%
Mickael Mika
35%
Emilie Emy
19%
Margot Gogo
18%
Aucun quiz correspondant
Distribution des résultats
% des personnes avec chaque résultat
Percentile par nombre de réponses
Votre historique - résultats
Vous n’avez pas pris ce quiz